عصمت چغتا ئ کے نا و لو ں ا و ر ا فسا نو ں ميں نسا ئ حيسيت (Record no. 168402)

MARC details
000 -LEADER
fixed length control field 00744nam a22001937a 4500
005 - DATE AND TIME OF LATEST TRANSACTION
control field 20191007122933.0
010 ## - LCCN (DPL NO)
LC control number UR-10525
020 ## - INTERNATIONAL STANDARD BOOK NUMBER
Terms of availability 250.00
International Standard Book Number -9789389002966
035 ## - SYSTEM CONTROL NUMBER
System control number U-9080
037 ## - SOURCE OF ACQUISITION
Source of stock number/acquisition DBAD/PUB
Stock number -
082 ## - DEWEY DECIMAL CLASSIFICATION NUMBER
Classification number 840.08
100 ## - MAIN ENTRY--PERSONAL NAME
Personal name عطيہ فا طمہ
245 ## - TITLE STATEMENT
Title عصمت چغتا ئ کے نا و لو ں ا و ر ا فسا نو ں ميں نسا ئ حيسيت
Statement of responsibility, etc عطيہ فا طمہ
246 ## - VARYING FORM OF TITLE
Remainder of title Ismat Chughtai ke Noveloun Aur Afsanaoun Me Nisai Hissiyat (Urdu)
Title proper/short title by Atiya Fatima
260 ## - PUBLICATION, DISTRIBUTION, ETC. (IMPRINT)
Place of publication, distribution, etc Delhi
Name of publisher, distributor, etc Educational Publishing House
Date of publication, distribution, etc 2019 ء
270 ## - ADDRESS
Address 3191,Vakil Street Kucha Pandit Lal Kuan
City Delhi
Postal code 110006
Telephone number 23216162
Fax number -
300 ## - PHYSICAL DESCRIPTION
Extent 200 ص
Dimensions 22 Cm(Hb)
942 ## - ADDED ENTRY ELEMENTS (KOHA)
Source of classification or shelving scheme Dewey Decimal Classification
Item type Urdu Bks
Classification part 840.08
Call number suffix ع ط ی
Holdings
Withdrawn status Lost status Not for loan Collection code Home library Current library Date acquired Source of acquisition Cost, normal purchase price Full call number Barcode Copy number Cost, replacement price Koha item type
    Not For Loan Non-fiction D.B.Act.Division D.B.Act.Division 07/10/2019 DBAD/PUB 250.00 840.08 ع ط ی U-9080 1 250.00 Urdu Bks

© Delhi Public Library
Hit Counter
free hit counter